<?xml version="1.0" encoding="UTF-8"?>
<record
    xmlns:xsi="http://www.w3.org/2001/XMLSchema-instance"
    xsi:schemaLocation="http://www.loc.gov/MARC21/slim http://www.loc.gov/standards/marcxml/schema/MARC21slim.xsd"
    xmlns="http://www.loc.gov/MARC21/slim">

  <leader>00882nam a22002297a 4500</leader>
  <controlfield tag="003">BD-DhUL</controlfield>
  <controlfield tag="005">20160829084047.0</controlfield>
  <controlfield tag="008">160829s2005    bg a|||| |||| 00| 0 ben  </controlfield>
  <datafield tag="020" ind1=" " ind2=" ">
    <subfield code="a">9844840368</subfield>
  </datafield>
  <datafield tag="040" ind1=" " ind2=" ">
    <subfield code="a">BD-DhUL</subfield>
    <subfield code="c">BD-DhUL</subfield>
  </datafield>
  <datafield tag="082" ind1=" " ind2=" ">
    <subfield code="a">901</subfield>
    <subfield code="b">HAM</subfield>
  </datafield>
  <datafield tag="100" ind1="1" ind2=" ">
    <subfield code="a">&#x9B9;&#x9BE;&#x9B8;&#x9BE;&#x9A8;, &#x9B8;&#x9C8;&#x9AF;&#x9BC;&#x9A6; &#x9AE;&#x9BE;&#x9B9;&#x9AE;&#x9C1;&#x9A6;&#x9C1;&#x9B2;</subfield>
  </datafield>
  <datafield tag="245" ind1="1" ind2="0">
    <subfield code="a">&#x9AE;&#x9BE;&#x9A8;&#x9AC; &#x9B8;&#x9AD;&#x9CD;&#x9AF;&#x9A4;&#x9BE;&#x9B0; &#x987;&#x9A4;&#x9BF;&#x9B9;&#x9BE;&#x9B8; /</subfield>
    <subfield code="c">&#x9B9;&#x9BE;&#x9B8;&#x9BE;&#x9A8;, &#x9B8;&#x9C8;&#x9AF;&#x9BC;&#x9A6; &#x9AE;&#x9BE;&#x9B9;&#x9AE;&#x9C1;&#x9A6;&#x9C1;&#x9B2;</subfield>
  </datafield>
  <datafield tag="250" ind1=" " ind2=" ">
    <subfield code="a">&#x9B8;&#x982;&#x9B6;&#x9CB;&#x9A7;&#x9BF;&#x9A4; &#x9E8;&#x9AF;&#x9BC; &#x9B8;&#x982;.</subfield>
  </datafield>
  <datafield tag="260" ind1=" " ind2=" ">
    <subfield code="a">&#x9A2;&#x9BE;&#x995;&#x9BE; :</subfield>
    <subfield code="b">&#x997;&#x9CD;&#x9B2;&#x9CB;&#x9AC;,</subfield>
    <subfield code="c">&#x9E8;&#x9E6;&#x9E6;&#x9EB;</subfield>
  </datafield>
  <datafield tag="300" ind1=" " ind2=" ">
    <subfield code="a">[&#x9E7;&#x9EB;], &#x9EB;&#x9ED;&#x9EC; &#x9AA;&#x9C3;. : </subfield>
    <subfield code="b">&#x99A;&#x9BF;&#x9A4;&#x9CD;&#x9B0;, &#x9AE;&#x9BE;&#x9A8;&#x99A;&#x9BF;&#x9A4;&#x9CD;&#x9B0; ; </subfield>
    <subfield code="c">&#x9E8;&#x9E7; &#x9B8;&#x9C7;&#x9AE;&#x9BF;.</subfield>
  </datafield>
  <datafield tag="365" ind1=" " ind2=" ">
    <subfield code="a">BDT</subfield>
    <subfield code="b">250.00</subfield>
  </datafield>
  <datafield tag="504" ind1=" " ind2=" ">
    <subfield code="a">&#x997;&#x9CD;&#x9B0;&#x9A8;&#x9CD;&#x9A5;&#x9AA;&#x99E;&#x9CD;&#x99C;&#x9BF;&#x997;&#x9A4; &#x9A4;&#x9A5;&#x9CD;&#x9AF; &#x9B8;&#x982;&#x9AC;&#x9B2;&#x9BF;&#x9A4;</subfield>
  </datafield>
  <datafield tag="650" ind1=" " ind2="0">
    <subfield code="a">&#x987;&#x9A4;&#x9BF;&#x9B9;&#x9BE;&#x9B8;</subfield>
  </datafield>
  <datafield tag="650" ind1=" " ind2="0">
    <subfield code="a">History</subfield>
  </datafield>
  <datafield tag="942" ind1=" " ind2=" ">
    <subfield code="2">ddc</subfield>
    <subfield code="c">BK</subfield>
  </datafield>
  <datafield tag="999" ind1=" " ind2=" ">
    <subfield code="c">102066</subfield>
    <subfield code="d">102066</subfield>
  </datafield>
  <datafield tag="952" ind1=" " ind2=" ">
    <subfield code="0">0</subfield>
    <subfield code="1">0</subfield>
    <subfield code="2">ddc</subfield>
    <subfield code="4">0</subfield>
    <subfield code="6">901_000000000000000_HAM</subfield>
    <subfield code="7">0</subfield>
    <subfield code="8">NFIC</subfield>
    <subfield code="9">172862</subfield>
    <subfield code="a">DUL</subfield>
    <subfield code="b">DUL</subfield>
    <subfield code="c">GEN</subfield>
    <subfield code="d">2015-05-11</subfield>
    <subfield code="e">Purchased</subfield>
    <subfield code="o">901 HAM</subfield>
    <subfield code="p">490782</subfield>
    <subfield code="r">2016-08-29</subfield>
    <subfield code="t">2</subfield>
    <subfield code="w">2016-08-29</subfield>
    <subfield code="y">BK</subfield>
  </datafield>
  <datafield tag="952" ind1=" " ind2=" ">
    <subfield code="0">0</subfield>
    <subfield code="1">0</subfield>
    <subfield code="2">ddc</subfield>
    <subfield code="4">0</subfield>
    <subfield code="6">901_000000000000000_HAM</subfield>
    <subfield code="7">0</subfield>
    <subfield code="8">NFIC</subfield>
    <subfield code="9">172863</subfield>
    <subfield code="a">DUL</subfield>
    <subfield code="b">DUL</subfield>
    <subfield code="c">GEN</subfield>
    <subfield code="d">2015-05-11</subfield>
    <subfield code="e">Purchased</subfield>
    <subfield code="o">901 HAM</subfield>
    <subfield code="p">490781</subfield>
    <subfield code="r">2016-08-29</subfield>
    <subfield code="t">1</subfield>
    <subfield code="w">2016-08-29</subfield>
    <subfield code="y">BK</subfield>
  </datafield>
</record>
